000 00498nam a2200157Ia 4500
003 GCL
008 140319s9999 xx 000 0 ara d
040 _aGCL /
_cGCL
082 0 4 _a370.15
_bع ق
100 1 _aعبدالرحمن عيسوى
245 1 0 _aالقياس والتجريب فى علم النفس والتربية /
_cعبدالرحمن عيسوى
490 _aكتاب
_v0
650 0 4 _aعلم النفس التربوى
650 0 4 _aعلم النفس القياسى
942 _2ddc
_cBK
999 _c42138
_d42138